Joji songs -Sudden Death - Statistics

General Stats
  • This quiz has been taken 62 times
  • The average score is 12 of 16
Answers on the Grid
Answers color-coded by a green-red scale on the quiz's grid according to % correct below.
Yeah Right
Battle Symphony
Run
Sanctuary
Rocket man
Life On Mars?
Ew
Osaka lover
Glimpse of Us
Gimme Love
Stop Crying Your Heart Out
Slave To The Rhythm
Demons
Prema
777
CAN'T GET OVER YOU
The Hills
ATTENTION
TEST DRIVE
Sparkle
SLOW DANCING IN THE DARK
PIXELATED HUG
PIXELATED KISSES
Star Man
Past Won't Leave My Bed
Casket Girl
Tik Tok
Tick Tock
DADA
Daylight
 
Answer Stats
Answer % Correct
Yeah Right
91%
SLOW DANCING IN THE DARK
89%
Ew
87%
CAN'T GET OVER YOU
85%
Gimme Love
83%
Glimpse of Us
83%
Run
83%
Sanctuary
83%
TEST DRIVE
80%
ATTENTION
76%
777
74%
PIXELATED KISSES
74%
Past Won't Leave My Bed
67%
Demons
63%
Tick Tock
63%
Daylight
61%
No matching quizzes found
Score Distribution
Percent of People with Each Score
Percentile by Number Answered
Your Score History
You have not taken this quiz